00924cam a22002531 4500001001300000003000400013005001700017008004100034010001700075035001900092040003000111042001200141050002200153086001600175100004700191245013900238260004800377300006400425440005500489500004300544504002600587650004000613999001700653gs 64000234 DLC20260227111414.0760417s1964 dcu 000 0 eng  ags 64000234  a(OCoLC)2118207 aDLCcNmUdISSdOCoLCdDLC apremarc00aQE75b.P9 no. 5050 aI 19.16:5051 aRobinson, G. D.q(Gershon Du Vall),d1918-10aPhilmont country:bthe rocks and landscape of a famous New Mexico ranch,cby G. D. Robinson [and others] Illustrated by John R. Stacy. aWashington,bU.S. Govt. Print. Off.,c1964. aviii, 152 p.billus., maps (3 col.) diagrs. (2 col.) 29 cm. 0a[U. S.] Geological Survey.vProfessional paper 505 aPart of illustrative matter in pocket. aBibliography: p. 150. 0aGeologyzNew MexicozColfax County. c29853d29853